La experiencia española en la incorporación de la formación profesional de base en la educación media y en el desarrollo de la formación profesional específica de grado medio y superior /

Se desarrollan, con respecto a la formación profesional de base, los distintos aspectos considerados en el sistema educativo español, y que han sido el resultado de múltiples análisis, debates y experiencias. Por tanto, se trata de una experiencia en el sentido mas autentico del término, que ha segu...

Full description

Bibliographic Details
Main Author: Jabonero Blanco, Mariano
Format: Analitica de revista
Language:Spanish
Published: Santiago, Chile Pontificia Universidad Católica de Chile 1995

MARC

LEADER 00000cab a2200000 a 4500
001 036343
003 UAHC_CL
005 20170803123959.0
008 030922s1994 cl f 000 spa
040 |a UAHC_CL  |c UAHC_CL  |d UAHC_CL 
100 1 |a Jabonero Blanco, Mariano 
245 1 3 |a La experiencia española en la incorporación de la formación profesional de base en la educación media y en el desarrollo de la formación profesional específica de grado medio y superior /  |c Mariano Jabonero Blanco. 
260 |b Pontificia Universidad Católica de Chile  |c 1995  |a Santiago, Chile 
300 |a p. 131-148 
500 |a En: Pensamiento educativo, nû16, 1995. p. 131-148. ISSN 07171013. 
500 |a En: Pensamiento educativo, n°16, 1995. p. 131-148. ISSN 07171013. 
500 |a En: Pensamiento educativo, nç16, 1995. p. 131-148. ISSN 07171013. 
520 |a Se desarrollan, con respecto a la formación profesional de base, los distintos aspectos considerados en el sistema educativo español, y que han sido el resultado de múltiples análisis, debates y experiencias. Por tanto, se trata de una experiencia en el sentido mas autentico del término, que ha seguido distintas fases y que en estos momentos esta en un elevado nivel de definición y ejecución, generalizando sus efectos a todo el sistema educativo en los próximos años. 
520 |a Se desarrollan, con respecto a la formación profesional de base, los distintos aspectos considerados en el sistema educativo español, y que han sido el resultado de múltiples análisis, debates y experiencias. Por tanto, se trata de una experiencia en el sentido mas autentico del término, que ha seguido distintas fases y que en estos momentos esta en un elevado nivel de definición y ejecución, generalizando sus efectos a todo el sistema educativo en los próximos años. 
520 |a Se desarrollan, con respecto a la formaciÛn profesional de base, los distintos aspectos considerados en el sistema educativo espaÒol, y que han sido el resultado de múltiples an·lisis, debates y experiencias. Por tanto, se trata de una experiencia en el sentido mas autentico del tÈrmino, que ha seguido distintas fases y que en estos momentos esta en un elevado nivel de definiciÛn y ejecuciÛn, generalizando sus efectos a todo el sistema educativo en los prÛximos aÒos. 
759 |a PP160 
773 0 |t Revista PRELAC  |w 041234 
900 |a PENSAMIENTO EDUCATIVO-16/95 
942 |c REVA 
952 |0 0  |1 0  |4 0  |6 PENSAMIENTO_EDUCATIVO16_95_000000000000000  |7 0  |8 General  |9 69064  |a BC  |b BC  |c General  |d 2017-08-03  |l 0  |o PENSAMIENTO EDUCATIVO-16/95  |p FICTICIO4773  |r 2019-01-08 00:00:00  |t 1  |w 2017-08-03  |y REVA 
999 |c 36343  |d 36343